000 01244cam a2200337 i 4500
001 26637
003 Mx-PuUPA
005 20250307113404.0
008 140415s2001 mx gr 000 0 spa d
020 _a9709066064
040 _cMx-PuUPA
_aMx-PuUPA
_bspa
_dMx-PuUPA
_erda
041 1 _aspa
100 1 _aGarzón Bates, Mercedes,
_916782
_eautor
245 1 0 _awww.la_ciber_ética.com /
_cMercedes Garzón Bates
246 1 4 _awww.la_ciber_ética.com :
_bensayo de la filosofía ficción en torno a la cibercultura.
250 _aPrimera edición
264 1 _aMéxico, D.F. :
_bEditorial Torres Asociados,
_c©2001
300 _a78 páginas ;
_c21 cm
336 _2rdacontent
_atexto
_btxt
337 _2rdamedia
_asin medio
_bn
338 _2rdacarrier
_avolumen
_bnc
500 _aEl título de está obra, es como una dirección electrónica.
650 7 _2armarc
_aInternet
_xAspectos morales y éticos
650 7 _2armarc
_aInternet
_xAspectos sociales
650 7 _2armarc
_aSociedad de la información
_xAspectos morales y éticos
942 _2ddc
_cLI
_h302.231
_iG22
999 _c26637
_d26637